ბათუმის შოთა რუსთაველის სახელმწიფო უნივერსიტეტის ბიბლიოთეკა

კრედიტი და თანამედროვე საბანკო მექანიზმები / (ბიბ.ჩანაწერი № 36653)

000 -ლიდერი
ფიქსირებული სიგრძის საკონტროლო ველი 01073nam a2200253Ia 4500
001 - საკონტროლო ნომერი
საკონტროლო ველი 2574
003 - საკონტროლო ნომრის იდენტიფიკატორი
საკონტროლო ველი GE_BSU
005 - ბოლო ოპერაციის თარიღი და დრო
საკონტროლო ველი 20211207144630.0
008 - ფიქსირებული სიგრძის მონაცემთა ელემენტები - ზოგადი ინფორმაცია
ფიქსირებული სიგრძის საკონტროლო ველი 181216s2007ge xx |||||||||||||| ||geo||
020 ## - წიგნის საერთაშორისო სტანდარტული ნომერი
International Standard Book Number 551100778
040 ## - კატალოგიზაციის წყარო
Transcribing agency GE_BSU
041 ## - ენის კოდი
Language code of text/sound track or separate title geo
080 ## - უნივერსალური ათობითი კლასიფიკაციის ინდექსი
Universal Decimal Classification number 336.77(05.8) ღ–91
100 ## - მთავარი ჩანაწერი - პიროვნების სახელი
Personal name ღუდუშაური, ლეილა.
9 (RLIN) 13199
245 ## - ცნობა სათაურის შესახებ
Title კრედიტი და თანამედროვე საბანკო მექანიზმები /
Statement of responsibility, etc ლეილა ღუდუშაური ; რედ. ი. ჩიკვაიძე.
250 ## - გამოცემის ცნობა
Edition statement მე–4 გამოცემა
264 ## - წარმოების, გამოცემის, დისტრიბუციის და სხვა ცნობები
გამოცემის, წარმოების, დისტრიბუციის... ადგილი თბილისი :
გამოცემის, წარმოების, დისტრიბუციის... სახელწოდება უნ–ტის გა–ბა,
გამოცემის, წარმოების, დისტრიბუციის... თარიღი 2007.
300 ## - ფიზიკური აღწერა
Extent 1098 გვ.:
653 ## - INDEX TERM--UNCONTROLLED
Uncontrolled term კრედიტი და თანამედროვე საბანკო მექანიზმები
653 ## - INDEX TERM--UNCONTROLLED
Uncontrolled term ფინანსები
653 ## - INDEX TERM--UNCONTROLLED
Uncontrolled term ეკონომიკა
700 ## - ADDED ENTRY--PERSONAL NAME
Personal name ჩიკვაიძე, ი
Relator term რედაქტორი
9 (RLIN) 502
942 ## - ADDED ENTRY ELEMENTS (KOHA)
Koha item type წიგნი
Source of classification or shelving scheme
ეგზემპლარები
ჩამოწერის სტატუსი დაკარგული ეგზემპლარის სტატუსი კლასიფიკაციის წყარო ან თაროზე გაწყობის სქემა დაზიანების სტატუსი არ გაიცემა მუდმივი მდებარეობა (დაცვის ადგილი) ამჟამინდელი ადგილსამყოფელი თაროზე განთავსების ადგილი შეძენის თარიღი ღირებულება, შესყიდვის ნორმალური ფასი სრული შენახვის შიფრი შტრიხკოდი ბოლო ოპერაციის თარიღი ეგზემპლარის მიმდევრობითი ნომერი (კეტერი?) ფასის ძალაში შესვლის თარიღი ეგზემპლარის სახეობა საჯარო შენიშვნა
          ბათუმის შოთა რუსთაველის სახელმწიფო უნივერსიტეტის მთავარი ბიბლიოთეკა ბათუმის შოთა რუსთაველის სახელმწიფო უნივერსიტეტის მთავარი ბიბლიოთეკა წიგნსაცავი 2018-12-17 10.00 336.77(05.8) ღ–91 1098 2018-12-17 1098 2018-12-17 წიგნი 10.00